Проблема очистки подземных вод от коллоидного железа; Энерго-ресурсоэффективность в интересах устойчивого развития

Detalhes bibliográficos
Parent link:Энерго-ресурсоэффективность в интересах устойчивого развития.— 2018.— [С. 153-154]
Autor principal: Мачехина К. И. Ксения Игоревна
Corporate Authors: Национальный исследовательский Томский политехнический университет (ТПУ) Институт природных ресурсов (ИПР) Кафедра физической и аналитической химии (ФАХ) Центр коллективного пользования "Физико-химические методы анализа" (ЦКП ФХМА), Национальный исследовательский Томский политехнический университет Инженерная школа новых производственных технологий Научно-производственная лаборатория "Чистая вода"
Outros Autores: Шиян Л. Н. Людмила Николаевна, Костикова Л. А. Лариса Анатольевна
Resumo:Заглавие с экрана
Idioma:russo
Publicado em: 2018
Colecção:Чистая вода
Assuntos:
Acesso em linha:http://earchive.tpu.ru/handle/11683/52171
Formato: MixedMaterials Recurso Electrónico Capítulo de Livro
KOHA link:https://koha.lib.tpu.ru/cgi-bin/koha/opac-detail.pl?biblionumber=628788

MARC

LEADER 00000naa2a2200000 4500
001 628788
005 20240109142654.0
035 |a (RuTPU)RU\TPU\conf\29069 
035 |a RU\TPU\conf\29068 
090 |a 628788 
100 |a 20181212d2018 k y0rusy50 ca 
101 0 |a rus 
102 |a RU 
105 |a y z 101zy 
135 |a drgn ---uucaa 
181 0 |a i  
182 0 |a b 
200 1 |a Проблема очистки подземных вод от коллоидного железа  |f К. И. Мачехина, Л. Н. Шиян, Л. А. Костикова 
203 |a Текст  |c электронный 
225 1 |a Чистая вода 
300 |a Заглавие с экрана 
320 |a [Библиогр.: с. 154 (1 назв.)] 
463 0 |0 (RuTPU)RU\TPU\conf\28968  |t Энерго-ресурсоэффективность в интересах устойчивого развития  |o сборник научных трудов международной научной конференции, г. Томск, 12–16 ноября 2018 г.  |f Национальный исследовательский Томский политехнический университет (ТПУ)  |v [С. 153-154]  |d 2018 
610 1 |a электронный ресурс 
610 1 |a труды учёных ТПУ 
610 1 |a очистка 
610 1 |a подземные воды 
610 1 |a коллоидное железо 
610 1 |a химический состав 
610 1 |a модельные растворы 
610 1 |a питьевые воды 
700 1 |a Мачехина  |b К. И.  |c химик-технолог  |c инженер, доцент Томского политехнического университета, кандидат технических наук  |f 1987-  |g Ксения Игоревна  |3 (RuTPU)RU\TPU\pers\28100  |9 13058 
701 1 |a Шиян  |b Л. Н.  |c химик  |c доцент Томского политехнического университета, кандидат физико-математических наук  |f 1952-  |g Людмила Николаевна  |3 (RuTPU)RU\TPU\pers\25655 
701 1 |a Костикова  |b Л. А.  |c химик-технолог  |c инженер Томского политехнического университета  |f 1974-  |g Лариса Анатольевна  |3 (RuTPU)RU\TPU\pers\36114 
712 0 2 |a Национальный исследовательский Томский политехнический университет (ТПУ)  |b Институт природных ресурсов (ИПР)  |b Кафедра физической и аналитической химии (ФАХ)  |b Центр коллективного пользования "Физико-химические методы анализа" (ЦКП ФХМА)  |3 (RuTPU)RU\TPU\col\23037 
712 0 2 |a Национальный исследовательский Томский политехнический университет  |b Инженерная школа новых производственных технологий  |b Научно-производственная лаборатория "Чистая вода"  |3 (RuTPU)RU\TPU\col\23657 
801 2 |a RU  |b 63413507  |c 20181218  |g RCR 
856 4 |u http://earchive.tpu.ru/handle/11683/52171 
942 |c BK